000 003350000a22001570004500
001 000577
003 MACL
040 _aMACL
090 _c577
_d577
100 _aDate, V.H
245 _aUpnisada Retold Vol.2
_cV.H Date
260 _aMunshiram Manoharlal Publishers,
_c1999
350 _a350
650 _a Religion
942 _k295
_cBook
999 _c577
_d577